Naruto - Nicknames - Statistics

General Stats
  • This quiz has been taken 567 times
  • The average score is 11 of 15
Answer Stats
Nickname True Name % Correct
Yellow Flash Minato
97%
Copy Ninja Kakashi
96%
Snake Master Orochimaru
91%
Puppet Master of the Red Sand Sasori
89%
Slug Pirncess Tsunade
88%
Green Beast Might Guy
87%
Toad Sage Jiraiya
85%
God of Shinobi Hashirama
82%
Sage of Six Paths Hagoromo
68%
The White Fang Sakumo
68%
Tailless Beast Kisame
63%
The Professor Hiruzen
61%
____ of the Blood Flicker Shisui
52%
The Technician Tobirama
32%
Wicked Eye ____ Fugaku
26%
No matching quizzes found
Score Distribution
Percent of People with Each Score
Percentile by Number Answered
Your Score History
You have not taken this quiz